Geopolitics and Security in Europe/ (Record no. 214809)

MARC details
000 -LEADER
fixed length control field 00702nam a22002057a 4500
005 - DATE AND TIME OF LATEST TRANSACTION
control field 20260211155747.0
010 ## - LCCN (DPL NO)
LC control number ENG-147800
020 ## - INTERNATIONAL STANDARD BOOK NUMBER
International Standard Book Number 9788198885746
Terms of availability 1580.00
035 ## - SYSTEM CONTROL NUMBER
System control number EN-131332
037 ## - SOURCE OF ACQUISITION
Source of stock number/acquisition DBAD
082 ## - DEWEY DECIMAL CLASSIFICATION NUMBER
Classification number 320.12095
Edition number 1
100 ## - MAIN ENTRY--PERSONAL NAME
Personal name Krishna, Vaishali
245 00 - TITLE STATEMENT
Title Geopolitics and Security in Europe/
Statement of responsibility, etc Vaishali Krishna
250 ## - EDITION STATEMENT
Edition statement 1
260 ## - PUBLICATION, DISTRIBUTION, ETC. (IMPRINT)
Place of publication, distribution, etc New Delhi
Name of publisher, distributor, etc KW Publishers KW Publishers in association with Centre for Land Warfare Studies
Date of publication, distribution, etc 2026
270 ## - ADDRESS
Address 4676/21, First Floor, Ansari Road, Daryaganj,
City New Delhi
Postal code 110002
300 ## - PHYSICAL DESCRIPTION
Extent 272p.
Dimensions 23cm(hb)
500 ## - GENERAL NOTE
General note Evolving Mongolia Russia India Relations
942 ## - ADDED ENTRY ELEMENTS (KOHA)
Source of classification or shelving scheme Dewey Decimal Classification
Item type English Books
Classification part 320.12095
Call number suffix KRI
Holdings
Withdrawn status Lost status Not for loan Collection code Home library Current library Date acquired Source of acquisition Cost, normal purchase price Full call number Barcode Copy number Cost, replacement price Koha item type
      Non-fiction Mobile Library Mobile Library 11/02/2026 Delivery of Books Act Division 1580.00 320.12095 KRI EN-131332 1 1580.00 English Books

© Delhi Public Library
Hit Counter
free hit counter